000 00437nam a2200181Ia 4500
001 7295
005 20260306160445.0
008 260306t2005||||xx |||||||||||||| ||spa||
041 _aESP
082 _a338.5
_bH18
100 _aHall, Robert E.
_eAUT
245 0 _aMicroeconomĂ­a:
_bprincipios y aplicaciones
260 _c2005
300 _axxi, 605 páginas :
_c26 cm.
650 _aGEN
654 _aCAN
942 _cLIB
_dJUS
_fJUS
_2ddc
_n
999 _c7295
_d7295